000 00611cam a2200217 4500
008 090401t1996 xxu||||| |||| 00| 0 eng d
020 _a0727725688
035 _a(Sirsi) u78625
041 _aeng
050 _a727.3
110 _aRoyal Fine Art Commission
_93475
245 _aDesign quality in higher education buildings.
260 _aLondon
_bThomas Telford
_c1996
300 _a48p. : ill. ; 21cm.
350 _a10.5
650 _aBUILT ENVIRONMENT-CONSTRUCTION DESIGN
650 _aEDUCATIONAL BUILDINGS
690 _aBUILT ENVIRONMENT-CONSTRUCTION DESIGN
942 _n0
948 _c29/05/1997
999 _c96466
_d96466